00377nam a22001337a 4500008004100000020001500041050002400056100002500080245006000105260003200165300001500197650001500212650001600227200203b xxu||||| |||| 00| 0 eng d a1854315072 a7975b.E39 1996 c.1 aEdwards, Susan S.M.  aSex and Gender in the Legal ProcesscSusan S.M. Edwards aNew YorkbBlackstone c1996 axxv, 461p. asex crimes aSex and Law